| 000 | 00759nam a2200193 i 4500 | ||
|---|---|---|---|
| 001 | 180342 | ||
| 003 | ES-MaACL | ||
| 005 | 20230906221051.0 | ||
| 008 | 120529s1975 sp |||| | spa d | ||
| 080 | _a611.84-019(043.2) | ||
| 100 | 1 |
_aSabala Durán, Antonio. _9150181 |
|
| 245 | 1 | 0 |
_aAnatomía comparada del canal de Schlemm y plexo ciclioescleral en varios mamíferos... / _cpor Antonio Sabala Duran. |
| 260 |
_aBarcelona : _bUniversidad de Barcelona. Secretariado de Publicaciones, Intercambio Científico y Extensión Universitaria, _c1975. |
||
| 300 |
_a12 p. : _bgrab. ; _c24 cm. |
||
| 502 | _aTesis-Universidad Barcelona (Extracto) | ||
| 650 | 0 | 4 |
_aOjos. _915698 |
| 710 | 2 |
_aUniversidad de Barcelona. _97141 |
|
| 852 |
_aES-MaACL _jE-15361(169) |
||
| 999 |
_c180342 _d180342 |
||